Movies Quiz

Random Movies or Actress Quiz

Top Billed Actors On IMDb V Quiz Stats

Quiz Updated Sep 7, 2016

Challenge
Share
Tweet
Embed
Score 0/64 Timer 12:00
3 Plays Today
Hint Answer % Correct
Toy Story 2Tom Hanks
96.6%
Shutter IslandLeonardo DiCaprio
91.2%
The MartianMatt Damon
89.8%
ArgoBen Affleck
88.2%
Million Dollar BabyClint Eastwood
83.5%
Toy Story 2Tim Allen
83.1%
Air Force OneHarrison Ford
81.5%
Million Dollar BabyHilary Swank
79.9%
Sin CityBruce Willis
73%
Million Dollar BabyMorgan Freeman
69.1%
No Country for Old MenTommy Lee Jones
66.8%
Mystic RiverSean Penn
66.3%
Sin CityJessica Alba
62.1%
Fantastic Mr. FoxGeorge Clooney
61.3%
The Royal TenenbaumsBen Stiller
55.5%
No Country for Old MenJavier Bardem
54.8%
MegamindBrad Pitt
51.8%
MegamindWill Ferrell
51.3%
The Royal TenenbaumsGene Hackman
47.4%
The Royal TenenbaumsGwyneth Paltrow
47.4%
Sin CityMickey Rourke
45.6%
Around the World in 80 Days (2004)Jackie Chan
44.4%
No Country for Old MenJosh Brolin
44.2%
Shutter IslandMark Ruffalo
43.2%
Mystic RiverTim Robbins
42.9%
Mystic RiverKevin Bacon
42%
Once Upon a Time in MexicoAntonio Banderas
42%
Air Force OneGary Oldman
40.1%
Once Upon a Time in MexicoJohnny Depp
38.5%
The MartianJessica Chastain
37.5%
Fantastic Mr. FoxBill Murray
36.6%
Kick-Ass 2Chloƫ Grace Moretz
36.1%
Hint Answer % Correct
ArgoJohn Goodman
34.6%
Once Upon a Time in MexicoSalma Hayek
34.4%
Sin CityClive Owen
31.7%
Toy Story 2Joan Cusack
31%
Kick-Ass 2Jim Carrey
30.9%
Fantastic Mr. FoxMeryl Streep
29.1%
Kick-Ass 2Aaron Taylor-Johnson
28.3%
Shutter IslandBen Kingsley
27.2%
ArgoAlan Arkin
24.7%
No Country for Old MenWoody Harrelson
22.7%
The Royal TenenbaumsAnjelica Huston
22.4%
ArgoBryan Cranston
22.2%
The MartianJeff Daniels
22%
Air Force OneGlenn Close
21.8%
MegamindTina Fey
20.7%
MegamindJonah Hill
20.1%
Toy Story 2Kelsey Grammer
19%
The MartianKristen Wiig
17.9%
Kick-Ass 2Christopher Mintz-Plasse
17.4%
Around the World in 80 Days (2004)Steve Coogan
16.6%
Rise of the GuardiansHugh Jackman
12.7%
Fantastic Mr. FoxJason Schwartzman
11.5%
Rise of the GuardiansChris Pine
11.1%
Rise of the GuardiansAlec Baldwin
10.8%
Million Dollar BabyJay Baruchel
6.9%
Rise of the GuardiansIsla Fisher
6.1%
Once Upon a Time in MexicoWillem Dafoe
5.4%
Mystic RiverEmmy Rossum
4.9%
Shutter IslandEmily Mortimer
4.5%
Around the World in 80 Days (2004)Jim Broadbent
3.2%
Air Force OneWendy Crewson
2.8%
Around the World in 80 Days (2004)Kathy Bates
2.4%

You're not logged in!

Compare scores with friends on all Sporcle quizzes.
Sign Up with Email
OR
Log In

You Might Also Like...

Show Comments

Extras

Top Quizzes Today


Score Distribution

Your Account Isn't Verified!

In order to create a playlist on Sporcle, you need to verify the email address you used during registration. Go to your Sporcle Settings to finish the process.